000 00555nam a2200181Ia 4500
003 GCL
008 140319s9999 xx 000 0 ara d
040 _aGCL /
_cGCL
082 0 4 _a239.9
_bم ا
100 1 _aمحمد خالد
245 1 0 _aاعلام الصحابة :
_bاولو الراى /
_cمحمد خالد
260 _aالقاهرة :
_bدار القلم ،
_c1900
300 _a184 ؛
_c15 سم
490 _aالمكتبة الثقافية
_v9
650 0 4 _aالصحابة
650 0 4 _aالصحابة والتابعون
942 _2ddc
_cBK
999 _c52750
_d52750